| 000 | 00540nam a2200205 a 4500 | ||
|---|---|---|---|
| 001 | 6995 | ||
| 003 | CO-ViMGA | ||
| 008 | 141112s2004 ck r 000 u spa d | ||
| 020 | _a968243937X | ||
| 040 |
_aCO-ViMGA _bspa _cCO-ViMGA |
||
| 082 | 0 | 4 | _aR617.9 G653 |
| 100 | 1 |
_aGómez Alvarez, Salvador _96034 |
|
| 245 | 1 | 0 | _aAtlas de tecnicas para nudos y suturas quirúrgicos |
| 250 | _a2a | ||
| 260 |
_aMexico : _bTrillas, _c1990 |
||
| 300 | _a210 p : il | ||
| 650 | 1 | 4 |
_aLIGADURA (CIRUGIA) _96035 |
| 650 | 1 | 4 |
_aSUTURAS _96036 |
| 942 |
_2ddc _cBK |
||
| 999 |
_c18962 _d18962 |
||